000 00451nam a22001817a 4500
003 MPLRDC
005 20220104161414.0
008 210129b ||||| |||| 00| 0 eng d
020 _a981-4205-14-1
082 _a848.2 LY-58
100 _a刘墉
245 _a活出闪亮的人生
_c
260 _a新加坡
_b大众国际书局股份有限公司
_c2006
300 _b
490 _aM058
650 _a现代别集
942 _cBK
_o848.2 LY-58
999 _c55468
_d55458